| 000 | 01290cam a2200325 a 4500 | ||
|---|---|---|---|
| 001 | 13128504 | ||
| 003 | ARRUPE | ||
| 005 | 20170111152138.0 | ||
| 008 | 030319s2003 nyu b 001 0 eng | ||
| 010 | _a 2003048060 | ||
| 020 | _a0374526109 (alk. paper) | ||
| 040 |
_aDLC _cDLC _dDLC |
||
| 050 | 0 | 0 |
_aPN56.O63 _bW66 2003 |
| 082 | 0 | 0 |
_a809/.9337 _221 |
| 100 | 1 |
_aWood, Michael, _d1936- _928246 |
|
| 245 | 1 | 4 |
_aThe road to Delphi : _bthe life and afterlife of oracles / _cMichael Wood. |
| 250 | _a1st ed. | ||
| 260 |
_aNew York : _bFarrar, Straus, and Giroux, _c2003. |
||
| 300 |
_a271 p. ; _c22 cm. |
||
| 504 | _aIncludes bibliographical references (p. [255]-263) and index. | ||
| 650 | 0 |
_aOracles in literature. _928247 |
|
| 650 | 0 |
_aDivination in literature. _928248 |
|
| 650 | 0 |
_aOracles. _928249 |
|
| 650 | 0 |
_aDivination _xHistory. _928250 |
|
| 856 | 4 | 2 |
_3Contributor biographical information _uhttp://www.loc.gov/catdir/bios/hol052/2003048060.html |
| 856 | 4 | 2 |
_3Publisher description _uhttp://www.loc.gov/catdir/description/hol032/2003048060.html |
| 906 |
_a7 _bcbc _corignew _d1 _eocip _f20 _gy-gencatlg |
||
| 942 |
_2lcc _cMONOGRAPH |
||
| 999 |
_c125946 _d125946 |
||